Nukleární energie bez emocí.

Zmeny v štátnej energetickej politike a otázky globálnej energetickej stratégie ČR. Scenáre spotreby elektrickej energie. Ekonomické východiská výstavby nových energetických zdrojov. Riešenie problematiky budovania atómovej elektrárne Temelín a ekologické obavy. Monopol ČEZ a skúsenosti v tejto obla...

Ausführliche Beschreibung

Gespeichert in:
Bibliographische Detailangaben
1. Verfasser: Bautzová, Libuše
Format: Buchkapitel
Sprache:Tschechisch
Schlagworte:
Tags: Tag hinzufügen
Keine Tags, Fügen Sie das erste Tag hinzu!

MARC

LEADER 00000naa a2200000 4500
001 r012103
005 20220826094700.6
041 0 |a cze 
044 |a CZ 
245 1 0 |a Nukleární energie bez emocí.  |c Libuše Bautzová 
520 |a Zmeny v štátnej energetickej politike a otázky globálnej energetickej stratégie ČR. Scenáre spotreby elektrickej energie. Ekonomické východiská výstavby nových energetických zdrojov. Riešenie problematiky budovania atómovej elektrárne Temelín a ekologické obavy. Monopol ČEZ a skúsenosti v tejto oblasti v zahraničí. 
610 2 0 |a energia atómová 
610 2 0 |a Čechy 
610 2 0 |a elektrina 
610 2 0 |a energetika 
610 2 0 |a elektrárne atómové 
610 2 0 |a spotreba energie 
610 2 0 |a Temelín 
610 2 0 |a ekológia 
610 2 0 |a údaje štatistické 
610 2 0 |a projekty 
100 1 |a Bautzová, Libuše